000 00982nam a22002651u 4500
001 05796
003 HDC
007 cr bn ---
008 210121p xx fo d 00 engg
040 _aHDC
100 _aNORHAIZAM BTE MD.SANI
_96117
245 0 _aInternational Conference on Halal Pharmaceutical & Health Products :
_bCAPACITY DEVELOPMENT IN HALAL PHARMACEUTICAL INDUSTRIES/
_cby NORHAIZAM BTE MD.SANI
260 _a[No place] :
_b[publisher not identified]
_c2011
300 _a22 pages :
_bIllustrations
336 _atext
_2rdacontent
337 _acomputer
_2rdamedia
338 _aonline resource
_2rdacarrier
650 _aHalal industry
_9144
650 _aHalal Pharmaceutical
_94162
650 _aHealth products
_96116
856 _zRequest full-text at [email protected]
942 _2lcc
942 _cSLIDE
942 _kSLID 000607
999 _c3120
_d3120